[Event "Corr"]
[Site "?"]
[Date "2001.10.27"]
[Round "?"]
[White "Berkley Stephen W"]
[Black "Hoefer Hans Peter"]
[Result "0-1"]
[WhiteElo "1763"]
[BlackElo "1996"]
[PlyCount "84"]
[EventDate "2001.??.??"]
[Source "www.chesslib.no"]
[SourceDate "2004.05.04"]

1. d4 Nf6 2. c4 c5 3. d5 Ne4 4. Nc3 Nxc3 5. bxc3 g6 6. e4 Bg7 7. Qc2 Qa5 8. Bd2 d6 9. f4 Nd7 10. Nf3 e5 11. fxe5 Nxe5 12. Be2 Nxf3+ 13. Bxf3 O-O 14. O-O b6 15. Qb3 Bd7 16. Rae1 Be5 17. Bd1 b5 18. cxb5 a6 19. b6 Rab8 20. b7 Bb5 21. Rf2 c4 22. Qb4 Qxb4 23. cxb4 Rxb7 24. Rf3 Bd4+ 25. Kh1 Bd7 26. a3 Bg4 27. Rff1 Bxd1 28. Rxd1 Rc8 29. Bf4 Bb2 30. Bc1 c3 31. Rf2 c2 32. Rdf1 Bd4 33. Re2 h5 34. g3 Rbc7 35. Kg2 Rc4 36. Kf3 Kf8 37. h3 Rc3+ 38. Kg2 Rb3 39. Bh6+ Ke7 40. Rc1 Rbc3 41. Bf4 f6 42. h4 R3c4 0-1

[Event "Corr"]
[Site "?"]
[Date "2001.07.21"]
[Round "?"]
[White "Kern Michael"]
[Black "Hoefer Hans Peter"]
[Result "1/2-1/2"]
[WhiteElo "1814"]
[BlackElo "1920"]
[PlyCount "111"]
[EventDate "2001.??.??"]
[Source "www.chesslib.no"]
[SourceDate "2004.05.04"]

1. d4 Nf6 2. c4 c5 3. d5 Ne4 4. Qd3 Qa5+ 5. Nd2 Nd6 6. e4 g6 7. Ngf3 Bg7 8. Be2 O-O 9. O-O f5 10. exf5 Nxf5 11. Ne4 Na6 12. a3 d6 13. Rb1 Qb6 14. Bd2 e5 15. dxe6 Bxe6 16. Rfe1 Rae8 17. Nfg5 Nd4 18. Nxe6 Rxe6 19. Bg4 Re5 20. b4 Qc7 21. b5 Nb8 22. Ng5 Kh8 23. Qh3 Bf6 24. Rxe5 dxe5 25. Qh6 Re8 26. Ne4 Be7 27. Re1 Nd7 28. Re3 Bf8 29. Qh3 Nb6 30. Nf6 Rd8 31. Ba5 Qg7 32. Ne4 Qe7 33. Re1 Nc2 34. Rc1 Rd4 35. Rxc2 Rxe4 36. Be2 Qf6 37. g3 Rd4 38. Bc3 Rd8 39. f4 Bg7 40. Bxe5 Qe7 41. Bxg7+ Kxg7 42. Qg2 Qe3+ 43. Kh1 Rd7 44. Qf3 Qxf3+ 45. Bxf3 Rd4 46. Be2 Kf6 47. Kg2 h6 48. Kf3 g5 49. Ke3 gxf4+ 50. gxf4 a6 51. bxa6 bxa6 52. h4 h5 53. Bd3 a5 54. Rc1 a4 55. Rc2 Ke6 56. Rc3 1/2-1/2

[Event "Corr"]
[Site "?"]
[Date "2002.05.02"]
[Round "?"]
[White "Sveinsson Jon"]
[Black "Gandolfo Marco"]
[Result "1-0"]
[WhiteElo "1694"]
[BlackElo "2006"]
[PlyCount "29"]
[EventDate "2002.??.??"]
[Source "www.chesslib.no"]
[SourceDate "2004.05.04"]

1. d4 Nf6 2. c4 c5 3. d5 Ne4 4. Qc2 Qa5+ 5. Nc3 Nxc3 6. Bd2 e5 7. Bxc3 Qc7 8. f4 d6 9. e3 Nd7 10. Bd3 g6 11. Nf3 Bh6 12. h4 f5 13. g4 O-O 14. gxf5 exf4 15. fxg6 1-0

[Event "Germany"]
[Site "?"]
[Date "2003.12.13"]
[Round "4.2"]
[White "Pollok Ralf"]
[Black "Dieks Matthias"]
[Result "1-0"]
[WhiteElo "1933"]
[BlackElo "1728"]
[PlyCount "77"]
[EventDate "2003.??.??"]
[Source "www.chesslib.no"]
[SourceDate "2004.05.04"]

1. d4 Nf6 2. c4 c5 3. d5 Ne4 4. Qc2 Qa5+ 5. Nd2 Nd6 6. e4 g6 7. b4 Qxb4 8. Bb2 Rg8 9. Rb1 Qa5 10. Bc3 Qc7 11. Bd3 b6 12. Ngf3 Na6 13. a3 Qd8 14. O-O Nc7 15. e5 Nb7 16. Rbe1 d6 17. Ne4 Bg7 18. exd6 Nxd6 19. Nf6+ Bxf6 20. Bxf6 Ne6 21. Bh4 g5 22. dxe6 gxh4 23. exf7+ Nxf7 24. Bxh7 Rg7 25. Be4 Bh3 26. Nxh4 e6 27. Ng6 Ng5 28. Bc6+ Kf7 29. Ne5+ Kg8 30. f4 Bf5 31. Qd1 Qf8 32. Bxa8 Nh3+ 33. Kh1 Qxa8 34. Qf3 Qf8 35. gxh3 Rh7 36. Rg1+ Kh8 37. Ng6+ Bxg6 38. Rxg6 Qf5 39. Qa8+ 1-0

[Event "Werther"]
[Site "?"]
[Date "2004.04.04"]
[Round "4.10"]
[White "Rieth Hans Helmut"]
[Black "Dirks Martin"]
[Result "1/2-1/2"]
[WhiteElo "1746"]
[BlackElo "1864"]
[PlyCount "98"]
[EventDate "2004.??.??"]
[Source "www.chesslib.no"]
[SourceDate "2004.05.04"]

1. d4 Nf6 2. c4 c5 3. d5 Ne4 4. Qc2 Qa5+ 5. Nd2 Nd6 6. e4 g6 7. Ngf3 Bg7 8. Bd3 Na6 9. Qb3 Nb4 10. O-O b5 11. cxb5 Nxd3 12. Qxd3 Nxb5 13. Nb3 Qb6 14. e5 Ba6 15. Qe4 O-O 16. Re1 d6 17. Qh4 Qb7 18. Bh6 f6 19. Bxg7 Kxg7 20. exf6+ exf6 21. Na5 Qxd5 22. a4 Nd4 23. Nxd4 cxd4 24. b4 d3 25. Re7+ Rf7 26. Rxf7+ Qxf7 27. b5 Qc7 28. Nc6 Bb7 29. Qd4 a6 30. Re1 Bxc6 31. bxc6 Qxc6 32. Qxd3 Re8 33. Rd1 Rd8 34. a5 d5 35. h3 Kf7 36. Qe3 Qb5 37. Re1 Qd7 38. Qb6 Qd6 39. Qb7+ Rd7 40. Qc8 Re7 41. Rxe7+ Kxe7 42. Qb7+ Ke6 43. Qxh7 Kf5 44. Qh4 Qf4 45. Qxf4+ Kxf4 46. Kf1 Ke4 47. Ke2 Kd4 48. Kd2 g5 49. g3 Ke4 1/2-1/2

[Event "Rheinland op"]
[Site "Heimbach Weis"]
[Date "1997.??.??"]
[Round "6"]
[White "Pandorf, Horst"]
[Black "Kutzner, Steffen"]
[Result "0-1"]
[WhiteElo "1700"]
[BlackElo "1820"]
[PlyCount "118"]
[EventDate "1997.04.??"]
[Source "www.chesslib.no"]
[SourceDate "2004.05.04"]

1. d4 Nf6 2. c4 c5 3. d5 Ne4 4. f3 Qa5+ 5. Bd2 Nxd2 6. Qxd2 Qxd2+ 7. Nxd2 e6 8. e4 g6 9. Bd3 Bg7 10. Rb1 O-O 11. Ne2 exd5 12. exd5 f5 13. O-O d6 14. b4 b6 15. f4 Re8 16. Rfe1 Bd7 17. bxc5 bxc5 18. Rb7 Re3 19. Bc2 Bc3 20. Kf2 Bxd2 21. Rd1 Ra3 22. Rxd2 Rxa2 23. Nc3 Ra6 24. Bd1 Rb6 25. Rb2 Rxb2+ 26. Rxb2 Kf7 27. Rb7 Ke8 28. Ba4 a6 29. Bxd7+ Nxd7 30. Kf3 Rb8 31. Rxb8+ Nxb8 32. g4 fxg4+ 33. Kxg4 h6 34. f5 Kf7 35. fxg6+ Kxg6 36. Ne4 Nd7 37. Nxd6 a5 38. Kf4 a4 39. Nb5 Nb6 40. Na3 Kf6 41. h4 Nd7 42. Ke4 Nb6 43. Kf4 Nd7 44. Kg4 Kg6 45. h5+ Kf6 46. Kf4 Nb6 47. Ke4 Nd7 48. Nb5 Nb6 49. Kd3 Kg5 50. Nd6 Kxh5 51. Ne4 Nd7 52. Kc2 Kg4 53. Nc3 h5 54. Nxa4 h4 55. Nb2 h3 56. Kd2 h2 57. Nd3 Kg3 58. Ke2 h1=Q 59. Nf2 Qg2 0-1

[Event "Dreifluesse op"]
[Site "Passau"]
[Date "1998.04.11"]
[Round "4"]
[White "Loesch, Patrick"]
[Black "Wiesgickl, Gerd"]
[Result "0-1"]
[WhiteElo "1272"]
[BlackElo "1861"]
[PlyCount "62"]
[EventDate "1998.04.10"]
[Source "www.chesslib.no"]
[SourceDate "2004.05.04"]

1. d4 Nf6 2. c4 c5 3. d5 Ne4 4. Nf3 g6 5. Qc2 Qa5+ 6. Bd2 Nxd2 7. Nbxd2 Bg7 8. e3 O-O 9. Be2 d6 10. O-O Na6 11. Nb3 Qd8 12. a3 Nc7 13. Rab1 a6 14. Rfd1 b5 15. Nbd2 bxc4 16. Bxc4 Rb8 17. Ne1 e5 18. dxe6 fxe6 19. Ndf3 d5 20. Bf1 Qe7 21. Nd3 c4 22. Nf4 Bb7 23. Nd2 Ba8 24. g3 Qf6 25. b3 g5 26. Nh3 g4 27. Nf4 e5 28. Ng2 Qxf2+ 29. Kh1 Nb5 30. Qc1 c3 31. Bxb5 axb5 0-1